| 000 | 00778nam a2200217Ia 4500 | ||
|---|---|---|---|
| 003 | GCL | ||
| 008 | 140319s9999 xx 000 0 ara d | ||
| 020 | _a2925270977 | ||
| 040 |
_aGCL / _cGCL |
||
| 082 | 0 | 4 |
_a324 _bر ت |
| 100 | 1 | _aراسم محمد الجمال | |
| 245 | 1 | 0 |
_aالتسويق السياسى والاعلام : _bالاصلاح السياسى فى مصر / _cراسم محمد الجمال |
| 700 | 1 | _aخيرت معوض عياد | |
| 260 |
_aالقاهرة : _bالدار المصرية اللبنانية ، _c2005 |
||
| 300 |
_a183 ص ؛ _c24 سم |
||
| 650 | 0 | 4 | _aالاعلام الدولى |
| 650 | 0 | 4 | _aالدعاية السياسية |
| 650 | 0 | 4 | _aالتسويق السياحى |
| 650 | 0 | 4 | _aالدعاية الانتخابية |
| 942 |
_2ddc _cBK |
||
| 999 |
_c8024 _d8024 |
||